[Event "Let's Play Chess!"]
[Site "http://www.queenalice.com/game.php?id=134946"]
[Date "2006.11.29"]
[Round "-"]
[White "captainslog"]
[Black "PawnHanger2k7"]
[Result "1-0"]
[WhiteElo "1426"]
[BlackElo "1500"]

1. c4 Nf6 2. Nc3 d5 3. cxd5 Nxd5 4. Nf3 g6 5. e4 Nb6 6. d4 Bg7 7. e5 e6 8. g3 c5
9. Na4 Nc6 10. Nxc5 O-O 11. Bg2 Nd5 12. O-O b6 13. Ne4 Bb7 14. Bg5 Qc7 15. Nc3
Nxc3 16. bxc3 h6 17. Bc1 Rfd8 18. Ba3 g5 19. Bd6 Qd7 20. h4 g4 21. Nh2 h5 22. f3
1-0

[Event "AUTO-INT-261"]
[Site "http://www.queenalice.com/game.php?id=135269"]
[Date "2006.11.30"]
[Round "1"]
[White "ryanwilson"]
[Black "PawnHanger2k7"]
[Result "1-0"]
[WhiteElo "1439"]
[BlackElo "1529"]

1. e4 e5 2. Nf3 Nc6 3. Bb5 a6 4. Bxc6 dxc6 5. O-O Bg4 6. c3 Nf6 7. Re1 c5 8. h3
Bh5 9. d4 cxd4 10. cxd4 Bb4 11. Bd2 Bxd2 12. Nbxd2 Qxd4 13. Nxd4 Bxd1 14. Raxd1
exd4 15. e5 Nd5 16. Nc4 O-O 17. Rxd4 Nb4 18. Rd7 Rac8 19. a3 1-0

[Event "AUTO-INT-261"]
[Site "http://www.queenalice.com/game.php?id=135270"]
[Date "2006.11.30"]
[Round "1"]
[White "PawnHanger2k7"]
[Black "ryanwilson"]
[Result "0-1"]
[WhiteElo "1569"]
[BlackElo "1369"]

1. e4 Nc6 2. Nf3 d6 3. Bb5 Nf6 4. e5 dxe5 5. Nxe5 Qd5 6. Bxc6+ bxc6 7. Nf3 Qe6+
8. Kf1 Ba6+ 9. d3 Ng4 10. Nc3 Qf5 11. h3 Nf6 12. Be3 e6 13. Nd4 Qe5 14. Nxc6 Qd6
15. Qf3 Bb7 16. Nb5 Qd7 17. Nbd4 Bc5 18. Ne5 Qc8 19. Qg3 Nh5 20. Qf3 Bxf3 0-1

[Event "AUTO-INT-261"]
[Site "http://www.queenalice.com/game.php?id=135283"]
[Date "2006.11.30"]
[Round "1"]
[White "ashrioto"]
[Black "PawnHanger2k7"]
[Result "0-1"]
[WhiteElo "1169"]
[BlackElo "1498"]

1. e4 Nc6 2. d4 d5 3. Bb5 dxe4 4. d5 a6 5. Bxc6+ bxc6 6. dxc6 Qxd1+ 7. Kxd1 Nf6
8. h3 e5 9. f3 Bc5 10. Ne2 e3 11. Nec3 Bf5 12. Na4 Rd8+ 13. Ke2 Ba7 14. Bxe3
Bxe3 15. Kxe3 Bxc2 16. Nc5 O-O 17. Nc3 Rd6 18. b4 Rfd8 19. f4 Nd5+ 20. Nxd5 Rxd5
21. Rac1 Bf5 22. fxe5 Rd2 23. g4 Be6 24. Ra1 Bc4 25. a4 Re2+ 26. Kf4 a5 27. bxa5
g5+ 28. Kf5 Rd5 0-1

[Event "AUTO-INT-261"]
[Site "http://www.queenalice.com/game.php?id=135284"]
[Date "2006.11.30"]
[Round "1"]
[White "PawnHanger2k7"]
[Black "ashrioto"]
[Result "1-0"]
[WhiteElo "1502"]
[BlackElo "1169"]

1. e4 d5 2. exd5 Qxd5 3. Nc3 Qe6+ 4. Nge2 Nc6 5. Nb5 Qe5 6. c4 a6 7. d4 Nxd4 8.
Bf4 Qc5 9. Nxc7+ Kd8 10. Qxd4+ Qxd4 11. Nxd4 f6 12. Nde6+ Bxe6 13. Nxe6+ Ke8 14.
Nc7+ Kf7 15. Nxa8 e5 16. Bd2 Bd6 17. Be2 Ne7 18. Nb6 h5 19. Rd1 g5 20. Be3 Bb4+
21. Bd2 Nc6 22. Bxb4 Nxb4 23. O-O Nxa2 24. Rd7+ Kg6 25. Rxb7 Nb4 26. Rd1 g4 27.
c5 Rc8 28. Nd7 a5 29. Rd6 Kg5 30. Rb8 1-0

[Event "AUTO-OPEN-470"]
[Site "http://www.queenalice.com/game.php?id=137708"]
[Date "2006.12.6"]
[Round "1"]
[White "bogmaster"]
[Black "PawnHanger2k7"]
[Result "0-1"]
[WhiteElo "1577"]
[BlackElo "1521"]

1. Nf3 d5 2. d4 Nf6 3. Nc3 e6 4. Bf4 Bb4 5. a3 Ba5 6. b4 Bb6 7. Na4 Ne4 8. Nxb6
axb6 9. e3 Qe7 10. Nd2 Nxd2 11. Qxd2 Nc6 12. Bb5 O-O 13. O-O e5 14. dxe5 Nxe5
15. Qxd5 Ng4 16. Bg5 Qe6 17. e4 c6 18. Qxe6 Bxe6 19. Bd3 f6 20. Bh4 Ne5 21. Bg3
Nxd3 22. cxd3 Rfd8 23. e5 Rxd3 24. exf6 gxf6 25. Rfd1 Rdxa3 26. Rxa3 Rxa3 27. f4
Rb3 28. Re1 Kf7 29. Re4 c5 30. bxc5 bxc5 31. Bf2 Rb1+ 32. Be1 b5 33. Kf2 Rb2+
34. Kg3 Bd5 35. Re3 Rxg2+ 36. Kh3 Rg1 37. Bg3 b4 38. Rd3 Be6+ 39. Kh4 b3 40. f5
Bc4 41. Rd7+ Kg8 42. Bf2 Rf1 43. Bxc5 b2 0-1

[Event "AUTO-OPEN-470"]
[Site "http://www.queenalice.com/game.php?id=137709"]
[Date "2006.12.6"]
[Round "1"]
[White "PawnHanger2k7"]
[Black "bogmaster"]
[Result "0-1"]
[WhiteElo "1498"]
[BlackElo "1511"]

1. e4 e5 2. Nf3 Nc6 3. Bb5 Nd4 4. Nxd4 exd4 5. b3 a6 6. Be2 Bc5 7. Bb2 d5 8. d3
Bb4+ 9. Nd2 Bc3 10. Bxc3 dxc3 11. Nb1 d4 12. O-O Be6 13. Bg4 Nh6 14. Bxe6 fxe6
15. Qh5+ Kd7 16. Na3 Qf6 17. Nc4 Nf7 18. b4 g6 19. Qf3 Qxf3 20. gxf3 Ng5 21. Kg2
Raf8 22. h4 Nxf3 23. Rh1 Rf4 0-1

[Event "AUTO-OPEN-470"]
[Site "http://www.queenalice.com/game.php?id=137734"]
[Date "2006.12.6"]
[Round "1"]
[White "pomar"]
[Black "PawnHanger2k7"]
[Result "0-1"]
[WhiteElo "1560"]
[BlackElo "1382"]

1. e4 e5 2. f4 exf4 3. Nf3 g5 4. Bc4 Bg7 5. d4 g4 6. O-O gxf3 7. Rxf3 Nc6 8. c3
d6 9. Rxf4 Nf6 10. Qf3 Qe7 11. Be3 Be6 12. d5 Ne5 13. Qf1 Nfg4 14. Bd4 Nxc4 15.
Bxg7 Rg8 16. dxe6 Qxe6 17. b3 Nge3 18. Qf3 Rxg7 19. bxc4 Nxg2 20. Kh1 Nxf4 21.
Qxf4 Qh3 22. Nd2 Qg2# 0-1

[Event "AUTO-OPEN-470"]
[Site "http://www.queenalice.com/game.php?id=137735"]
[Date "2006.12.6"]
[Round "1"]
[White "PawnHanger2k7"]
[Black "pomar"]
[Result "1-0"]
[WhiteElo "1492"]
[BlackElo "1743"]

1. d4 e6 2. e4 d5 3. Nc3 c5 4. Bb5+ Nc6 5. Nf3 dxe4 6. Nxe4 Qa5+ 7. Nc3 Nf6 8.
Bxc6+ bxc6 9. Ne5 Bb7 10. Bg5 Ne4 11. Nxf7 Kxf7 12. Qf3+ Nf6 13. O-O cxd4 14.
Bxf6 gxf6 15. Ne4 Be7 16. Rfd1 Rad8 17. h4 Qb6 18. Ng5+ Kg6 19. Nxe6 Rd6 20.
Qg4+ Kf7 21. Re1 c5 22. Qg7+ Ke8 23. Qxh8+ Kd7 24. Ng7 Bd8 25. Nf5 Re6 26. Qxh7+
Kc8 27. Rxe6 Qxe6 28. f3 c4 29. b3 d3 30. cxd3 cxd3 31. Rc1+ Bc6 32. Qxa7 d2 33.
Qa6+ Kb8 34. Rd1 Qe1+ 35. Qf1 Bb6+ 36. Kh1 Bf2 37. h5 Bb5 38. Qxe1 dxe1=Q+ 39.
Rxe1 Bxe1 40. h6 1-0

[Event "Challenge"]
[Site "http://www.queenalice.com/game.php?id=141422"]
[Date "2006.12.14"]
[Round "-"]
[White "PawnHanger2k7"]
[Black "txukahamae"]
[Result "1-0"]
[WhiteElo "1450"]
[BlackElo "1432"]

1. Nf3 Nf6 2. c4 c5 3. Nc3 Nc6 4. e3 d6 5. d4 cxd4 6. exd4 e5 7. Bg5 exd4 8.
Nxd4 Nxd4 9. Qxd4 Be7 10. Be2 O-O 11. Nd5 Nxd5 12. Bxe7 Nxe7 13. O-O Be6 14.
Rad1 Nf5 15. Qe4 Qb6 16. Bd3 Qxb2 17. g4 Nd4 18. Qxh7# 1-0